Stolice świata najbliżej Amsterdamu - Statystyki

Ogólne statystyki
  • Ten quiz został rozwiązany 92 razy
  • Średni wynik to 15 z 20
Statystyki odpowiedzi
km stolica % Poprawnych
1098 Warszawa
98%
578 Berlin
96%
430 Paryż
95%
173 Bruksela
91%
358 Londyn
90%
622 Kopenhaga
83%
914 Oslo
81%
713 Praga
81%
936 Wiedeń
80%
319 Luksemburg
79%
631 Berno
75%
987 Bratysława
75%
1125 Sztokholm
75%
756 Dublin
70%
670 Vaduz
58%
1086 Zagrzeb
51%
979 Monako
49%
1126 Andora
48%
989 Lublana
44%
1091 San Marino
33%
Nie znaleziono quizów pasujących do podanych kryteriów
Rozkład punktacji
Procent ludzi z każdym wynikiem
Percentyl według liczby udzielonych odpowiedzi
Twoja historia wyników
Nie rozwiązałeś tego quizu